| 000 | 01045nam0a22002531 4500 | ||
|---|---|---|---|
| 001 | rc\623373 | ||
| 005 | 20031121164150.2 | ||
| 035 | _a(NLR Aleph) 005866174 | ||
| 090 |
_a5930504 _c5930504 |
||
| 100 | _a20031121d1986 u |0rusy50 ca | ||
| 101 | 0 | _arus | |
| 102 | _aRU | ||
| 105 | _ay ||||||||| | ||
| 200 | 1 |
_aПерсональные ЭВМ в управлении строительством _eУчеб. пособие _fМ-во стр-ва СССР, Ин-т повышения квалификации |
|
| 210 |
_aГорький _cИн-т повышения квалификации руководящих работников и специалистов Минстроя СССР _d1986 |
||
| 215 |
_a46, [1] с. _d20 |
||
| 320 | _aБиблиогр.: с. 46 (13 назв.) | ||
| 700 | 1 |
_aЗиндер _bЯ. А. _gЯков Александрович |
|
| 701 | 1 |
_aУглов _bЮ. К. _gЮрий Константинович |
|
| 801 | 0 |
_aRU _bNLR _gpsbo |
|
| 801 | 1 |
_aRU _bELAR _2rusmarc |
|
| 852 |
_aNLR _j87-4/3062 |
||
| 942 | _cBOOK | ||
| 980 | _aNB | ||